| 000 | 00561nam a22001697a 4500 | ||
|---|---|---|---|
| 999 |
_c11837 _d11837 |
||
| 003 | AR-CdUCM | ||
| 008 | 190405b ||||| |||| 00| 0 spa d | ||
| 040 |
_aMUNICIPALIDAD PROVINCIAL DEL CUSCO _cBIBLIOTECA MUNICIPAL DEL CUSCO |
||
| 082 |
_a869.33 / _bR81 / 1975 |
||
| 100 |
_aRombarvi, Kenyo _929405 |
||
| 245 |
_a"Todo el tiempo para decirnos todo" : _bescritura poética / |
||
| 260 |
_aTemuco. _bInscripción intelectual, _c1975. |
||
| 300 |
_a46 páginas ; _c18 cm. |
||
| 650 |
_aPoesía Mexicana. _929406 |
||
| 942 |
_2ddc _cLIBROS |
||
| 945 |
_awfj _d2019-04-05 |
||